000 00298nam a2200109Ia 4500
001 588830
005 20250717120838.0
008 250717s9999 xx 000 0 und d
245 0 _aV-15 İBN-İ HEYSEM VE BAŞ AŞAĞI OTURAN KRAL
_cDİDEM DEMİREL
260 _bTİMAŞ YAYINLARI
_c2016
300 _b47
999 _c588830
_d588830